000 00356 a2200157 4500
001 158059
020 _a
040 _cMagnum
100 _aAmora, Antonio Soares
240 1 0 _aMinidicionario da lingua portuguesa
_lpor
245 1 0 _aMinidicionario da lingua portuguesa
362 0 _a1899
440 1 _aSaraiva
697 _aDICIONARIOS
942 _cBK
999 _c158059
_d158059